000 01015nam a2200121Ia 4500
008 220615s9999||||xx |||||||||||||| ||und||
245 0 _aSmart and Sustainable Planning for Cities and Regions
_bResults of SSPCR 2019—Open Access Contributions
546 _aEnglish[eng]
650 _aUrban Geography / Urbanism (inc. megacities, cities, towns)||Environmental Policy||Sociology, general||Regional/Spatial Science||Urban Geography and Urbanism||Environmental Social Sciences||Regional and Spatial Economics||environmental protection||urban planning||regional planning||urban big data||smart cities||mobility||urban ecosystem services||climate change||SSPCR||Open Access||Urban & municipal planning||Central / national / federal government policies||Sociology||Political economy||Regional studies
700 _aBisello, Adriano||Vettorato, Daniele||Ludlow, David||Baranzelli, Claudia
856 _uhttps://library.oapen.org/bitstream/20.500.12657/46812/1/2021_Book_SmartAndSustainablePlanningFor.pdf
942 _cEB
999 _c17815
_d17815